000 01237nam a2200253 i 4500
001 122278
003 ES-MaACL
005 20250831123109.0
007 t|
008 070518s1904 sp ||||1| spa d
245 0 0 _aMemoria que la comisión nombrada para adjudicar el premio concedido por S. M. el Rey (R. O. de 6 de febrero de 1903) presenta al Instituto de Reformas Sociales /
_c[Moret, Javier de Ugarte, San Bernardo].
260 _aMadrid :
_b[s.n.],
_c1904 (
_fImpr. de la Sucesora de M. Minuesa de los Rios)
300 _a43 p. ;
_c23 cm.
500 _aTema del concurso: El problema agrario en el Mediodía de España: conclusiones para armonizar los intereses de propietarios y obreros: medios de aumentar la producción del suelo.
500 _aPrecede al tit.: Instituto de Reformas Sociales.
500 _aAutores tomados del final del texto.
650 0 4 _aAgricultura-
_zAndalucía.
_99671
700 1 _aMoret, Segismundo,
_d1833-1913
_9162747
700 0 _aUgarte y Pagés, Javier.
_9111900
700 1 _aSan Bernardo, Manuel Mariátegui y Vinyals,
_cConde de,
_dm. 1905
_976695
710 2 _aInstituto de Reformas Sociales (España)
_95000
852 _aES-MaACL
_jT-1036-F-15
999 _c122278
_d122278